Athletics Championship Titans: Top Countries with Most Medals - Statistics

General Stats
  • This quiz has been taken 37 times
    34 since last reset
  • The average score is 9 of 11
Answer Stats
Hint Answer % Correct
414 United States
100%
111 Great Britain
94%
73 China
91%
123 Germany
88%
142 Russia
88%
161 Kenya
84%
95 Ethiopia
78%
137 Jamaica
75%
63 Poland
66%
78 Soviet Union
66%
60 Cuba
31%
No matching quizzes found
Score Distribution
Percent of People with Each Score
Percentile by Number Answered
Your Score History
You have not taken this quiz since the last reset